|
|
|
|
| LEADER |
00000nam a2200000 a 4500 |
| 001 |
vtls008427341 |
| 003 |
SK-MaSNL |
| 005 |
20260302004322.0 |
| 008 |
171123s2002 xr o g f 000 0 cze |
| 020 |
|
|
|a 8072375288 (viaz.)
|
| 035 |
|
|
|a BC3F2B8D-D45A-47C9-9814-A87461ECA6F0
|
| 035 |
|
|
|a urn:nbn:sk:snk-amluy9
|
| 035 |
|
|
|a urn:nbn:sk:snk-am00cb5o
|
| 040 |
|
|
|a SNK
|b slo
|c SNK
|e AACR2
|
| 041 |
1 |
|
|a cze
|h eng
|
| 044 |
|
|
|a xr
|c CZ
|
| 072 |
|
7 |
|a 613
|x Hygiena. Ľudské zdravie
|2 konspekt
|
| 080 |
|
|
|a 613.88
|2 2001
|
| 080 |
|
|
|a (035)
|2 2001
|
| 130 |
4 |
|
|a The illustrated Kama Sutra
|l Česky
|9 644161
|
| 245 |
0 |
0 |
|a Ilustrovaná Kámasútra
|b [více než sto barevných fotografií]
|c [z anglického vydání přeložil Tomáš David]
|
| 246 |
3 |
4 |
|a Kámasútra ilustrovaná
|
| 250 |
|
|
|a 3. čes. vyd.
|
| 260 |
|
|
|a Praha
|b Svojtka & Co.
|c 2002
|
| 300 |
|
|
|a [124] s.
|b fareb. fotogr.
|c 29 cm
|
| 500 |
|
|
|a Rozlož. fotogr. na tit. strane
|
| 650 |
0 |
7 |
|a erotika
|2 SNKPH
|9 3764
|
| 650 |
0 |
7 |
|a sex
|2 SNKPH
|9 2586
|
| 655 |
|
7 |
|a príručky
|2 SNKPH
|9 74364
|
| 700 |
1 |
|
|a David, Tomáš
|4 trl
|9 622716
|
| 919 |
|
|
|a 80-7237-528-8
|
| 958 |
|
|
|a OND
|
| 999 |
|
|
|c 995444
|d 997374
|
| 952 |
|
|
|a SNK
|b SNK
|y PREZ
|7 0
|p 17A0496549
|o snkSB 71651
|i snk2006/2009
|8 1
|0 0
|1 0
|4 0
|d 2006-02-01
|f 1
|l 0
|r 2025-04-23 00:00:00
|w 2026-02-24
|